Limiting Jurisdiction of Federal Courts : hearings before the United States House Committee on the Judiciary, Seventy-Second Congress, first session, on May 4, 1932.

Committee Serial No. 12. Considers legislation to restrict Federal district courts jurisdiction in citizenship cases.

Bibliographic Details
Corporate Authors: United States. Congress. House. Committee on the Judiciary, ProQuest (Firm)
Format: Government Document eBook
Language:English
Published: Washington : U.S. G.P.O., 1932.
Series:U.S. Congressional Hearings.
Subjects:
Online Access:Connect to the full text of this electronic book

MARC

Tag First Indicator Second Indicator Subfields
LEADER 00000cam a22000001a 4500
001 in00003169821
005 20190403203507.0
006 m d f
007 cr bn mmmapmmp
008 090613s1932 dcu o f000 0 eng d
035 |a cis2007410957 
040 |a UMI  |c UMI  |d UtOrBLW 
043 |a n-us--- 
086 0 |a Y 4.J 89/1:J 97/8 
099 |a HRG-1932-HJH-0015 
110 1 |a United States.  |b Congress.  |b House.  |b Committee on the Judiciary. 
245 1 0 |a Limiting Jurisdiction of Federal Courts :  |b hearings before the United States House Committee on the Judiciary, Seventy-Second Congress, first session, on May 4, 1932. 
264 1 |a Washington :  |b U.S. G.P.O.,  |c 1932. 
300 |a 1 online resource. 
336 |a text  |b txt  |2 rdacontent 
337 |a computer  |b c  |2 rdamedia 
338 |a online resource  |b cr  |2 rdacarrier 
500 |a Record is based on bibliographic data in ProQuest Congressional Hearings Digital Collection. Reuse except for individual research requires license from ProQuest, LLC. 
520 |a Committee Serial No. 12. Considers legislation to restrict Federal district courts jurisdiction in citizenship cases. 
520 |a Considers (72) H.R. 10594, (72) H.R. 4526, (72) H.R. 11508. 
538 |a System requirements: PDF reader software. 
500 |a Electronic resource. 
650 0 |a Jurisdiction  |z United States. 
650 0 |a District courts  |z United States. 
650 0 |a Citizenship  |z United States. 
655 7 |a Electronic books.  |2 local 
710 2 |a ProQuest (Firm) 
776 0 8 |i Print version:  |a United States. Congress. House. Committee on the Judiciary.  |t Limiting Jurisdiction of Federal Courts 
776 0 8 |i Microfiche version:  |a United States. Congress. House. Committee on the Judiciary.  |t Limiting Jurisdiction of Federal Courts.  |d [Bethesda, Md.] : ProQuest,[2004]  |o CIS Hrgs MF Gp 1--H632-11  |w (ProQuest)cis10303519 
830 0 |a U.S. Congressional Hearings. 
856 4 0 |u http://proxy.library.tamu.edu/login?url=http://congressional.proquest.com/congcomp/getdoc?HEARING-ID=HRG-1932-HJH-0015  |z Connect to the full text of this electronic book  |t 0 
998 |a cis10303519 
999 |a MARS 
999 f f |s 144a4b06-11df-35d1-b3dc-5dc2d621a014  |i d320e8e6-1d37-3054-b219-0207ec259154  |t 0 
952 f f |a Texas A&M University  |b College Station  |c Electronic Resources  |d Available Online  |t 0  |e HRG-1932-HJH-0015  |h Other scheme 
998 f f |a HRG-1932-HJH-0015  |t 0  |l Available Online